banner-ar

الاسلام وسياسة المسلمين فى افريقيا / (Record no. 62241)

MARC details
000 -الفاتح
حقل البيانات ثابتة الطول 01135nam a22002777a 4500
005 - وقت وتاريخ اخر تعامل مع التسجيلة
رقم الضبط 20240530110540.0
008 - عناصر البيانات ثابتة الطول - معلومات عامة
حقل البيانات ثابتة الطول 160507s2013 ua ||||g |||| 00| 0da d
020 ## - الرقم الدولى المعيارى للكتب
الرقم الدولى المعيارى للكتاب 978977281453X
040 ## - مصدر الفهرسة
وكالة الفهرسة الأصلية EG-CaGPL
041 10 - رمز اللغة
رمز لغة النص/ المسارات الصوتية أو العنوان الانفرادي ara
رمز لغة الترجمات و/او الاصلية المتوسطة للنص eng
082 04 - رقم تصنيف ديوى العشرى
رقم التصنيف 210.96 /
رقم المادة س ا
رقم الطبعة 21
100 1# - المدخل الرئيسى - إسم شخصى
الإسم الشخصى سواريز، بنجامين
240 10 - العنوان الموحد
عنوان موحد Islam and Muslim Politics in Africa.
لغة العمل Arabic.
245 12 - بيان العنوان
العنوان الاسلام وسياسة المسلمين فى افريقيا /
بيان المسئوليه,etc بنجامين سواريس، رينيه عتيق ؛ ترجمة عوض محمد الحسن ؛ مراجعة فيصل عوض.
250 ## - بيان الطبعة
بيان الطبعة ط. 1.
260 ## - PUBLICATION, DISTRIBUTION, ETC. (IMPRINT)
تاريخ النشر أو التوزيع 2013.
300 ## - الوصف المادى
التعداد 391 ص ؛
أبعاد الوعاء 24 سم.
650 04 - المدخل الاضافى بالموضوع-مصطلح موضوعى
مصطلح موضوعي الاسلام في افريقيا
651 04 - المدخل الاضافى بالموضوع - اسم جغرافى
الاسم الجغرافي افريقيا
التقسيم الفرعي العام تاريخ
التقسيم الفرعي الزمني العصر الاسلامي
700 1# - المدخل الاضافى - اسم شخصى
الإسم الشخصى عتيق، رينيه
الدور مؤلف مشارك.
700 0# - المدخل الاضافى - اسم شخصى
الإسم الشخصى عوض محمد الحسن
الدور مترجم.
700 0# - المدخل الاضافى - اسم شخصى
الإسم الشخصى فيصل عوض
الدور مراجع.
942 ## - عناصر المدخل الإضافي( كوها)
مصدر التصنيف او مخطط الترفيف Dewey Decimal Classification
Koha [default] item type كتاب
260 ## - PUBLICATION, DISTRIBUTION, ETC. (IMPRINT)
-- القاهرة :
-- المكتبة الاكاديمية،
546 ## - تبصرة اللغة
تبصرة اللغة النص مترجم باللغة العربية.
Holdings
حالة التراجع حالة الفقد حالة تلف ليس للاعارة المكان المؤقت الموقع الحالى تاريخ الاكتساب اجمالي اﻻعارات رقم الطلب الباركود تاريخ اخر مشاهدة تاريخ تفعيل السعر نوع وعاء كوها
        مكتبة القاهرة الكبرى مكتبة القاهرة الكبرى 05/07/2016   210.96 / س ا 161903 05/07/2016 05/07/2016 كتاب

Powered By

EGPV